Per leggere la storia della Chiesa / (Record n. 108609)
[ formato base ]
| 000 -LEADER | |
|---|---|
| fixed length control field | 00939nam a2200301 i 4500 |
| 001 - CONTROL NUMBER | |
| control field | 000000065293 |
| 003 - CONTROL NUMBER IDENTIFIER | |
| control field | IT-RoPUS |
| 005 - DATE AND TIME OF LATEST TRANSACTION | |
| control field | 20220918181312.0 |
| 008 - FIXED-LENGTH DATA ELEMENTS--GENERAL INFORMATION | |
| fixed length control field | 041027m19961997xx u000 u ita c |
| 020 ## - INTERNATIONAL STANDARD BOOK NUMBER | |
| International Standard Book Number | 8826305587 |
| 020 ## - INTERNATIONAL STANDARD BOOK NUMBER | |
| International Standard Book Number | 8826306214 |
| 035 ## - SYSTEM CONTROL NUMBER | |
| System control number | (OCoLC)012052436 |
| 035 ## - SYSTEM CONTROL NUMBER | |
| System control number | (IT-RoPUS)65293 |
| 040 ## - CATALOGING SOURCE | |
| Original cataloging agency | IT-RoPUS |
| Language of cataloging | ita |
| Transcribing agency | IT-RoPau |
| 082 04 - DEWEY DECIMAL CLASSIFICATION NUMBER | |
| Classification number | 270 |
| Edition number | 19 |
| 100 1# - MAIN ENTRY--PERSONAL NAME | |
| Personal name | Comby, Jean. |
| 9 (RLIN) | 17559 |
| 240 10 - UNIFORM TITLE | |
| Uniform title | Pour lire l'histoire de l'Église. |
| Language of a work | Italiano. |
| 245 10 - TITLE STATEMENT | |
| Title | Per leggere la storia della Chiesa / |
| Statement of responsibility, etc. | Jean Comby ; edizione italiana a cura di Franco Molinari. |
| 260 ## - PUBLICATION, DISTRIBUTION, ETC. (IMPRINT) | |
| Place of publication, distribution, etc. | Roma : |
| Name of publisher, distributor, etc. | Borla, |
| Date of publication, distribution, etc. | 1996-1997. |
| 300 ## - PHYSICAL DESCRIPTION | |
| Extent | 2 v. : |
| Other physical details | ill. ; |
| Dimensions | 21 x 21 cm |
| 490 1# - SERIES STATEMENT | |
| Series statement | Per leggere |
| 504 ## - BIBLIOGRAPHY, ETC. NOTE | |
| Bibliography, etc | Bibliogr. |
| 505 0# - FORMATTED CONTENTS NOTE | |
| Formatted contents note | 1: Dalle origini al XV secolo. 1996. 162 p. -- 2: Dal XV al XX secolo. 1997. 199 p. |
| 700 1# - ADDED ENTRY--PERSONAL NAME | |
| Personal name | Molinari, Franco. |
| 9 (RLIN) | 54244 |
| 830 #0 - SERIES ADDED ENTRY--UNIFORM TITLE | |
| Uniform title | Per leggere. |
| 9 (RLIN) | 35521 |
| 942 ## - ADDED ENTRY ELEMENTS (KOHA) | |
| Institution code [OBSOLETE] | BKS |
| Koha item type | LIBRO |
Nessuna copia disponibile.